000 00437pab a2200169 454500
008 180718b2011 xxu||||| |||| 00| 0 eng d
100 _aBagga, Urmila
245 _aDeveloping infrastructure through communitisation Nagaland experience
260 _c2011
300 _ap.193-208.
362 _aJan-Mar
650 _aUrbanization - India - Nagaland
650 _aUrbanization
773 _aNagarlok
908 _aN
909 _a92298
999 _c92298
_d92298